000 00460nam a2200181Ia 4500
005 20250326124018.0
008 250326s9999 xx 000 0 und d
037 _aTextbook
040 _aFMSL
_beng
_cFMSL
041 _aeng
_2eng
084 _aX L1
_qFMSL
100 _aRothschild K W
245 0 _aPower in economics
_cRothschild K W
260 _aUSA
_bUSA, Penguin
_c1971
300 _a366p
942 _cTB
_hX L1
999 _c1271883
_d1271883